[Event "XXIV Weekend Magistrale"]
[Site "Robecchetto con Induno ITA"]
[Date "2013.12.28"]
[Round "2"]
[White "Medici, Simone"]
[Black "Aranovitch, Emiliano"]
[WhiteElo "2120"]
[BlackElo "2345"]
[Result "1/2-1/2"]
[PlyCount "35"]
[EventDate "2013.12.27"]

1. d4 Nf6 2. Nf3 g6 3. c4 c5 4. d5 e6 5. Nc3 exd5 6. cxd5 d6 7. e4 a6 8. a4 Bg4
9. Be2 Bxf3 10. Bxf3 Bg7 11. O-O O-O 12. Bf4 Qe7 13. Qb3 Nbd7 14. Qxb7 Rfb8 15.
Qc6 Ne8 16. a5 Be5 17. Bd2 Qd8 18. Ra2 1/2-1/2

[Event "XXIV Weekend Magistrale"]
[Site "Robecchetto con Induno ITA"]
[Date "2013.12.28"]
[Round "2"]
[White "Penna, Tommaso"]
[Black "Barrera, Pietro"]
[WhiteElo "1973"]
[BlackElo "1912"]
[Result "1/2-1/2"]
[PlyCount "93"]
[EventDate "2013.12.27"]

1. d4 g6 2. c4 Bg7 3. e4 d6 4. Nf3 Nd7 5. Nc3 e6 6. Be2 b6 7. O-O Ne7 8. Re1
O-O 9. Bg5 h6 10. Be3 a6 11. Qd2 Kh7 12. Rad1 Bb7 13. Bd3 Qe8 14. Bc2 Rd8 15.
Qe2 Ng8 16. Bc1 Qe7 17. h3 c5 18. Be3 Ndf6 19. d5 e5 20. a3 Bc8 21. b4 Kh8 22.
Rb1 Nh5 23. bxc5 bxc5 24. Rb3 Qf6 25. Nh2 Nf4 26. Qf3 g5 27. Ne2 Qe7 28. Ng3
Nf6 29. Nf5 Bxf5 30. exf5 Rfe8 31. Bxf4 gxf4 32. Be4 Rb8 33. Reb1 Qc7 34. Nf1
Nd7 35. Nd2 Rxb3 36. Nxb3 Rb8 37. Qc3 Nf6 38. f3 Bf8 39. Nd2 Rxb1+ 40. Bxb1 Qb6
41. Bc2 Be7 42. Nb3 Bd8 43. Nd2 Qb7 44. Ba4 Kg7 45. Bc6 Qb6 46. Kf2 Bc7 47. Ba4
1/2-1/2

[Event "XXIV Weekend Magistrale"]
[Site "Robecchetto con Induno ITA"]
[Date "2013.12.28"]
[Round "2"]
[White "Petrone, Gianmario"]
[Black "Coppola, Federico"]
[WhiteElo "2017"]
[BlackElo "1988"]
[Result "1/2-1/2"]
[PlyCount "40"]
[EventDate "2013.12.27"]

1. d4 d5 2. c4 c6 3. Nf3 Nf6 4. cxd5 cxd5 5. Nc3 Nc6 6. Bf4 Bf5 7. e3 e6 8. Bd3
Bxd3 9. Qxd3 Bd6 10. Bxd6 Qxd6 11. O-O O-O 12. Rfc1 Rfc8 13. a3 a6 14. Rc2 Rc7
15. Rac1 Rac8 16. Na4 Na5 17. Rxc7 Rxc7 18. Rxc7 Qxc7 19. Qc3 Qxc3 20. Nxc3 Nc6
1/2-1/2

[Event "XXIV Weekend Magistrale"]
[Site "Robecchetto con Induno ITA"]
[Date "2013.12.28"]
[Round "2"]
[White "Ranfagni, Stefano"]
[Black "Gentili, Gianguido"]
[WhiteElo "2015"]
[BlackElo "2145"]
[Result "1-0"]
[PlyCount "67"]
[EventDate "2013.12.27"]

1. e4 d6 2. d4 g6 3. Nc3 Bg7 4. f4 c6 5. Nf3 Nf6 6. Bd3 O-O 7. O-O b5 8. e5 Ne8
9. Ne4 f5 10. Ng3 Nd7 11. h4 Qb6 12. Kh2 c5 13. c3 Bb7 14. Ng5 Nc7 15. h5 c4
16. Bc2 dxe5 17. fxe5 Ne6 18. Nxh7 Qc6 19. d5 Qxd5 20. Qxd5 Bxd5 21. Nxf8 Rxf8
22. hxg6 f4 23. Nf5 Re8 24. Nxg7 Kxg7 25. Bxf4 Rh8+ 26. Kg1 Rh4 27. Bg3 Rg4 28.
Rf7+ Kg8 29. Kf2 Ndc5 30. Rd1 Be4 31. Bxe4 Nxe4+ 32. Kf3 Rxg3+ 33. Kxe4 Rxg6
34. Rxe7 1-0

[Event "XXIV Weekend Magistrale"]
[Site "Robecchetto con Induno ITA"]
[Date "2013.12.28"]
[Round "2"]
[White "Sbarra, Marco"]
[Black "Barlocco, Carlo"]
[WhiteElo "2263"]
[BlackElo "2117"]
[Result "1-0"]
[PlyCount "59"]
[EventDate "2013.12.27"]

1. d4 d5 2. c4 c6 3. Nf3 Nf6 4. e3 e6 5. b3 Bb4+ 6. Bd2 a5 7. Bd3 O-O 8. O-O
Nbd7 9. Nc3 Re8 10. Ne5 c5 11. Qc2 Nf8 12. Rad1 cxd4 13. exd4 dxc4 14. bxc4
Qxd4 15. Rfe1 Bd7 16. Nxd7 N8xd7 17. a3 Bxc3 18. Bxc3 Qh4 19. Re3 h6 20. Rh3
Qg5 21. Rg3 Qc5 22. Bh7+ Kf8 23. Rxg7 Kxg7 24. Rxd7 Re7 25. Rd3 e5 26. Rg3+ Kh8
27. Bf5 Ra6 28. Qd2 Ne8 29. Qf4 Qd6 30. Qg4 1-0

[Event "XXIV Weekend Magistrale"]
[Site "Robecchetto con Induno ITA"]
[Date "2013.12.28"]
[Round "2"]
[White "Soncin, Denis"]
[Black "Linder, Oliver"]
[WhiteElo "2041"]
[BlackElo "1960"]
[Result "1-0"]
[PlyCount "73"]
[EventDate "2013.12.27"]

1. e4 e6 2. d3 d5 3. Nd2 c5 4. Ngf3 Nc6 5. g3 Nf6 6. Bg2 Be7 7. O-O O-O 8. Re1
b5 9. e5 Ne8 10. h4 Nc7 11. Nf1 a5 12. a4 bxa4 13. Rxa4 Rb8 14. Rg4 f5 15. exf6
Bxf6 16. c3 e5 17. Ra4 Na8 18. Qc2 Nb6 19. Ra1 Bf5 20. Ne3 Bg6 21. Ng4 e4 22.
Nxf6+ Qxf6 23. Bg5 Qf7 24. dxe4 dxe4 25. Rxe4 Bxe4 26. Qxe4 Rbc8 27. Be3 Rfe8
28. Qc2 Qc4 29. Ng5 g6 30. b3 Nb4 31. Qd2 Qxb3 32. cxb4 axb4 33. Qd6 Rxe3 34.
fxe3 Qxe3+ 35. Kh2 Qd4 36. Qxb6 Qxa1 37. Qe6+ 1-0

[Event "XXIV Weekend Magistrale"]
[Site "Robecchetto con Induno ITA"]
[Date "2013.12.28"]
[Round "3"]
[White "Alonso Garcia, Rene Marcial"]
[Black "Ranfagni, Stefano"]
[WhiteElo "2346"]
[BlackElo "2015"]
[Result "1/2-1/2"]
[PlyCount "51"]
[EventDate "2013.12.27"]

1. e4 e5 2. Nf3 Nf6 3. d4 Nxe4 4. Bd3 d5 5. Nxe5 Bd6 6. Nc3 Nxc3 7. bxc3 Nd7 8.
O-O O-O 9. f4 f6 10. Qh5 f5 11. Qh3 g6 12. c4 c6 13. Qg3 Nxe5 14. fxe5 Be7 15.
cxd5 Qxd5 16. c3 Be6 17. Bh6 Rf7 18. Bc2 b5 19. h4 Kh8 20. Bg5 Qd7 21. Bb3 Raf8
22. Rad1 a5 23. Bxe7 Rxe7 24. Rfe1 a4 25. Bxe6 Qxe6 26. Qf3 1/2-1/2

[Event "XXIV Weekend Magistrale"]
[Site "Robecchetto con Induno ITA"]
[Date "2013.12.28"]
[Round "3"]
[White "Aranovitch, Emiliano"]
[Black "Soncin, Denis"]
[WhiteElo "2345"]
[BlackElo "2041"]
[Result "1-0"]
[PlyCount "111"]
[EventDate "2013.12.27"]

1. e4 c5 2. Nf3 a6 3. c3 g6 4. d4 cxd4 5. Bc4 Bg7 6. cxd4 d5 7. Bxd5 Nf6 8. Nc3
Nxd5 9. Nxd5 Nc6 10. Bf4 O-O 11. Bc7 Qd7 12. Ne5 Nxe5 13. Bxe5 Bxe5 14. dxe5
Qd8 15. O-O Be6 16. Qb3 b5 17. Rfd1 Bxd5 18. exd5 Ra7 19. h4 Qb8 20. Qe3 Rd7
21. Rd4 Qb6 22. Rad1 Rfd8 23. h5 Qc5 24. Qe4 Kg7 25. e6 Rd6 26. h6+ Kf8 27. Qe5
f6 28. Rf4 Kg8 29. Qc3 Qxc3 30. bxc3 Rxd5 31. Rfd4 Rxd4 32. cxd4 Rc8 33. d5 Kf8
34. d6 exd6 35. Rxd6 Ke7 36. Rxa6 Rc1+ 37. Kh2 Re1 38. f3 Rxe6 39. Ra7+ Kd6 40.
Rxh7 Re5 41. g4 Re2+ 42. Kg3 Rxa2 43. Rh8 Ra7 44. h7 Rd7 45. Kf4 Kd5 46. g5 f5
47. Rb8 Rxh7 48. Rxb5+ Kd4 49. Rb6 Rg7 50. Rd6+ Kc5 51. Ke5 Rg8 52. Re6 Kc4 53.
Kf6 Kd5 54. Re1 Rf8+ 55. Kxg6 f4 56. Re4 1-0

[Event "XXIV Weekend Magistrale"]
[Site "Robecchetto con Induno ITA"]
[Date "2013.12.28"]
[Round "3"]
[White "Barbero, Marco"]
[Black "Coppola, Federico"]
[WhiteElo "1990"]
[BlackElo "1988"]
[Result "1-0"]
[PlyCount "47"]
[EventDate "2013.12.27"]

1. e4 c5 2. Nf3 d6 3. Bb5+ Bd7 4. Bxd7+ Qxd7 5. c4 Nc6 6. Nc3 g6 7. d4 cxd4 8.
Nxd4 Bg7 9. Nde2 Nf6 10. f3 O-O 11. O-O Rfd8 12. b3 Rac8 13. Be3 e6 14. Qd2 d5
15. cxd5 exd5 16. Rad1 d4 17. Nxd4 Nxe4 18. Nxe4 Nxd4 19. Bg5 Re8 20. Nf6+ Bxf6
21. Bxf6 Re2 22. Qxd4 Rcc2 23. Qg4 Red2 24. Rxd2 1-0

[Event "XXIV Weekend Magistrale"]
[Site "Robecchetto con Induno ITA"]
[Date "2013.12.28"]
[Round "3"]
[White "Barrera, Pietro"]
[Black "Boschetti, Claudio"]
[WhiteElo "1912"]
[BlackElo "2111"]
[Result "0-1"]
[PlyCount "72"]
[EventDate "2013.12.27"]

1. d4 Nf6 2. Nf3 c5 3. c3 b6 4. Bg5 Bb7 5. Nbd2 e6 6. e3 a6 7. Bd3 d6 8. O-O
Nbd7 9. Re1 h6 10. Bxf6 gxf6 11. e4 Rg8 12. Qe2 Be7 13. Rad1 Qc7 14. d5 b5 15.
c4 b4 16. Nf1 O-O-O 17. Bc2 Rg7 18. Ng3 Rdg8 19. h3 h5 20. h4 Rg4 21. Qe3 Bf8
22. Bd3 Ne5 23. Bf1 R8g6 24. Nxe5 fxe5 25. Be2 Bh6 26. Qb3 Rxh4 27. Qa4 Rg8 28.
Rd3 Bf4 29. Qd1 exd5 30. cxd5 c4 31. Rf3 Rxg3 32. fxg3 Qc5+ 33. Rf2 Bxg3 34.
Ref1 Rxe4 35. Bxh5 Bxf2+ 36. Rxf2 Rf4 0-1

[Event "XXIV Weekend Magistrale"]
[Site "Robecchetto con Induno ITA"]
[Date "2013.12.28"]
[Round "3"]
[White "Gentili, Gianguido"]
[Black "Medici, Simone"]
[WhiteElo "2145"]
[BlackElo "2120"]
[Result "0-1"]
[PlyCount "100"]
[EventDate "2013.12.27"]

1. Nf3 d5 2. c4 c6 3. cxd5 cxd5 4. g3 Nc6 5. d4 Nf6 6. Bg2 b5 7. Nc3 a6 8. Ne5
Bb7 9. Nxc6 Bxc6 10. O-O e6 11. Bg5 Be7 12. Rc1 Rc8 13. a3 O-O 14. b4 Nd7 15.
Bxe7 Qxe7 16. Re1 f5 17. f3 f4 18. e4 Qg5 19. Qd2 Nb6 20. gxf4 Qh4 21. Ne2 Nc4
22. Qd3 Rf6 23. Rf1 Rh6 24. h3 Rf8 25. Kh2 Rff6 26. f5 exf5 27. e5 Rfg6 28. f4
Rg4 29. Rf3 Rgg6 30. Bf1 Bd7 31. a4 Rc6 32. axb5 axb5 33. Ra1 Rcg6 34. Ra7 Qd8
35. Ng3 Qc8 36. Bg2 Ra6 37. Rxa6 Rxa6 38. Rf2 Be6 39. Rc2 g6 40. Nf1 Qa8 41.
Ne3 Ra4 42. Nxc4 bxc4 43. Qd2 Qb8 44. Rb2 Ra3 45. Qc2 Qb6 46. Qc1 Qxd4 47. b5
Rb3 48. Rxb3 cxb3 49. Qc7 Qxf4+ 50. Kg1 b2 0-1

[Event "XXIV Weekend Magistrale"]
[Site "Robecchetto con Induno ITA"]
[Date "2013.12.28"]
[Round "3"]
[White "Linder, Oliver"]
[Black "Sbarra, Marco"]
[WhiteElo "1960"]
[BlackElo "2263"]
[Result "0-1"]
[PlyCount "72"]
[EventDate "2013.12.27"]

1. d4 Nf6 2. Nf3 d5 3. e3 c5 4. dxc5 e6 5. b4 a5 6. c3 axb4 7. cxb4 b6 8. Bb5+
Bd7 9. Bxd7+ Nfxd7 10. Bb2 bxc5 11. b5 Qa5+ 12. Nc3 Be7 13. a4 Bf6 14. Qd2 Nb6
15. Nd1 Qxd2+ 16. Nxd2 Rxa4 17. Bxf6 gxf6 18. Rc1 N8d7 19. Nb3 c4 20. Nd4 Nc5
21. O-O Nd3 22. Rb1 Kd7 23. Nb2 Nxb2 24. Rxb2 Rha8 25. Rfb1 Ra1 26. Kf1 Rxb1+
27. Rxb1 Ra2 28. Ke1 Kd6 29. Nc6 e5 30. Nb4 Ra5 31. Nc6 Ra3 32. Nb4 d4 33. e4
Rb3 34. Rxb3 cxb3 35. Nd3 Na4 36. Kd1 Nc5 0-1

[Event "XXIV Weekend Magistrale"]
[Site "Robecchetto con Induno ITA"]
[Date "2013.12.28"]
[Round "3"]
[White "Siclari, Giovanni"]
[Black "Penna, Tommaso"]
[WhiteElo "2081"]
[BlackElo "1973"]
[Result "1/2-1/2"]
[PlyCount "55"]
[EventDate "2013.12.27"]

1. Nf3 Nf6 2. c4 e6 3. Nc3 Bb4 4. Qc2 c5 5. a3 Ba5 6. g3 Nc6 7. Bg2 O-O 8. O-O
d6 9. d3 h6 10. Rb1 e5 11. Na2 Bg4 12. b4 Bb6 13. e3 Qd7 14. Nc3 Rac8 15. b5
Ne7 16. e4 Ba5 17. Ne1 Bxc3 18. Qxc3 Be2 19. Nc2 Bxf1 20. Bxf1 Rce8 21. Ne3 Nh7
22. f4 exf4 23. Bb2 Nf6 24. gxf4 Kh7 25. f5 Rg8 26. Bh3 Qd8 27. Kh1 Nd7 28. f6
1/2-1/2

[Event "XXIV Weekend Magistrale"]
[Site "Robecchetto con Induno ITA"]
[Date "2013.12.28"]
[Round "3"]
[White "Ventura, Salvatore"]
[Black "Petrone, Gianmario"]
[WhiteElo "2024"]
[BlackElo "2017"]
[Result "1-0"]
[PlyCount "53"]
[EventDate "2013.12.27"]

1. e4 c5 2. Nc3 d6 3. g3 Nc6 4. Bg2 g6 5. d3 Bg7 6. Be3 Rb8 7. Qd2 b5 8. Nge2
b4 9. Nd1 Qb6 10. O-O e6 11. h3 Nge7 12. Bh6 O-O 13. Bxg7 Kxg7 14. Ne3 Nd4 15.
f4 Bb7 16. g4 f5 17. Nc4 Nxe2+ 18. Qxe2 Qc7 19. Rae1 Nc6 20. c3 Rbe8 21. e5 d5
22. Nd6 Rd8 23. gxf5 gxf5 24. Qh5 Rd7 25. Ne8+ Rxe8 26. Qxe8 Rf7 27. Qxe6 1-0

[Event "XXIV Weekend Magistrale"]
[Site "Robecchetto con Induno ITA"]
[Date "2013.12.29"]
[Round "4"]
[White "Barbero, Marco"]
[Black "Barrera, Pietro"]
[WhiteElo "1990"]
[BlackElo "1912"]
[Result "1-0"]
[PlyCount "123"]
[EventDate "2013.12.27"]

1. e4 c5 2. Nf3 Nc6 3. d4 cxd4 4. Nxd4 g6 5. Be3 Bg7 6. Nc3 d6 7. Qd2 Bd7 8. f3
Nf6 9. O-O-O O-O 10. Kb1 Rc8 11. g4 a6 12. Nxc6 Bxc6 13. Bh6 Qc7 14. h4 b5 15.
Bxg7 Kxg7 16. h5 Bb7 17. hxg6 fxg6 18. Nd5 Bxd5 19. exd5 Rf7 20. Qh6+ Kg8 21.
Bd3 Rg7 22. Rh2 Qc5 23. Be4 Nxe4 24. fxe4 Rf8 25. Qh3 Qc4 26. Re1 Rf4 27. g5
Rgf7 28. b3 Qc5 29. Qe6 Qc3 30. Reh1 Kf8 31. Qh3 Qxh3 32. Rxh3 Rf1+ 33. Rxf1
Rxf1+ 34. Kb2 Kg7 35. Ka3 Rf2 36. c4 bxc4 37. bxc4 Rg2 38. e5 Rxg5 39. exd6
exd6 40. Kb4 Re5 41. Ra3 h5 42. Rxa6 h4 43. Ra7+ Kh6 44. Rf7 Re2 45. a4 Rb2+
46. Kc3 Rb6 47. a5 Ra6 48. Kb4 Kg5 49. Kb5 Ra8 50. a6 h3 51. Rh7 Kg4 52. Kb6 g5
53. Kb7 Rg8 54. a7 Kg3 55. a8=Q Rxa8 56. Kxa8 g4 57. c5 Kg2 58. cxd6 h2 59. d7
h1=Q 60. Rxh1 Kxh1 61. d8=Q g3 62. Qh4+ 1-0

[Event "XXIV Weekend Magistrale"]
[Site "Robecchetto con Induno ITA"]
[Date "2013.12.29"]
[Round "4"]
[White "Bardone, Lorenzo"]
[Black "Linder, Oliver"]
[WhiteElo "1957"]
[BlackElo "1960"]
[Result "1-0"]
[PlyCount "101"]
[EventDate "2013.12.27"]

1. e4 e6 2. d4 d5 3. Nc3 Be7 4. Nf3 Nf6 5. Bd3 dxe4 6. Nxe4 Nbd7 7. Ng3 c5 8.
c3 a6 9. O-O b5 10. a4 c4 11. Be2 Bb7 12. b3 Bd5 13. bxc4 bxc4 14. a5 O-O 15.
Bf4 h6 16. Nd2 Rc8 17. Ra4 Ne8 18. Nxc4 Bc6 19. Ra1 Bb5 20. Qb3 Ndf6 21. Ne5
Nd5 22. Bd2 Bxe2 23. Nxe2 Nd6 24. c4 Ne4 25. Qd3 Nxd2 26. Qxd2 Nf6 27. Rfc1 Qc7
28. Qc2 Bd6 29. Nf3 Rfd8 30. Qa4 g5 31. c5 Bf4 32. Nxf4 Qxf4 33. Rd1 Ne4 34.
Qc2 g4 35. Ne1 Qf5 36. Rab1 Qd5 37. Rbc1 Nd6 38. Qe2 Nb5 39. Qxg4+ Kh7 40. Qf4
f5 41. Nf3 Rg8 42. Kf1 Rc6 43. Qe5 Qb3 44. d5 Rxc5 45. Qxe6 Nc3 46. Qe7+ Rg7
47. Qxc5 Nxd1 48. Qc4 Qxc4+ 49. Rxc4 Nb2 50. Rc6 Rd7 51. d6 1-0

[Event "XXIV Weekend Magistrale"]
[Site "Robecchetto con Induno ITA"]
[Date "2013.12.29"]
[Round "4"]
[White "Coppola, Federico"]
[Black "Barlocco, Carlo"]
[WhiteElo "1988"]
[BlackElo "2117"]
[Result "1-0"]
[PlyCount "89"]
[EventDate "2013.12.27"]

1. Nf3 d6 2. d4 Nd7 3. e4 c6 4. a4 Ngf6 5. Nc3 e5 6. Bc4 Be7 7. O-O O-O 8. Re1
h6 9. h3 Qc7 10. Be3 Re8 11. Qd2 Bf8 12. Nh4 exd4 13. Bxd4 c5 14. Bxf6 Nxf6 15.
Rad1 a6 16. Ng6 Be6 17. Bxe6 Rxe6 18. Nf4 Ree8 19. Nfd5 Qd8 20. Nxf6+ Qxf6 21.
Nd5 Qd8 22. a5 Rc8 23. Nb6 Rc6 24. Qf4 g6 25. c3 Bg7 26. g3 c4 27. Rd5 f5 28.
e5 Qe7 29. e6 Be5 30. Qxh6 Qxe6 31. Qd2 Rc5 32. Rxc5 dxc5 33. Qe2 Kf7 34. Qxc4
Qxc4 35. Nxc4 Bc7 36. Rxe8 Kxe8 37. Kf1 Kd7 38. Ke2 Kc6 39. Kd3 Kb5 40. g4 fxg4
41. hxg4 g5 42. b3 Bh2 43. Ke4 Bg1 44. f4 gxf4 45. g5 1-0

[Event "XXIV Weekend Magistrale"]
[Site "Robecchetto con Induno ITA"]
[Date "2013.12.29"]
[Round "4"]
[White "Medici, Simone"]
[Black "Alonso Garcia, Rene Marcial"]
[WhiteElo "2120"]
[BlackElo "2346"]
[Result "0-1"]
[PlyCount "76"]
[EventDate "2013.12.27"]

1. Nf3 Nf6 2. d4 g6 3. b3 Bg7 4. Bb2 O-O 5. Nbd2 d6 6. e4 e6 7. Bd3 Nh5 8. g3
c5 9. c3 Nc6 10. dxc5 dxc5 11. Qc2 Rb8 12. Bb5 Bd7 13. Be2 b5 14. Nh4 Nf4 15.
Bf1 b4 16. c4 Nd4 17. Qb1 Qf6 18. a3 g5 19. axb4 Ng6 20. Rxa7 gxh4 21. Rxd7 Ne5
22. Bxd4 cxd4 23. Rd6 Nf3+ 24. Nxf3 Qxf3 25. Rg1 Qc3+ 26. Ke2 Ra8 27. b5 Ra1
28. Qd3 Qe1+ 29. Kf3 Ra2 30. Kg4 Rxf2 31. Kh3 hxg3 32. Qxg3 Qe3 33. Qxe3 dxe3
34. Rd3 Kh8 35. Rxe3 Be5 36. Bg2 Rg8 37. Rd3 Rf6 38. Rd8 Rh6# 0-1

[Event "XXIV Weekend Magistrale"]
[Site "Robecchetto con Induno ITA"]
[Date "2013.12.29"]
[Round "4"]
[White "Petrone, Gianmario"]
[Black "Gentili, Gianguido"]
[WhiteElo "2017"]
[BlackElo "2145"]
[Result "1/2-1/2"]
[PlyCount "57"]
[EventDate "2013.12.27"]

1. e4 d6 2. d4 Nf6 3. Nc3 e5 4. Nf3 Nbd7 5. Bc4 Be7 6. O-O O-O 7. Re1 c6 8. a4
a5 9. h3 Qc7 10. Be3 exd4 11. Nxd4 Ne5 12. Bf1 Re8 13. g3 h6 14. Qe2 Bf8 15.
Bg2 b6 16. b3 Ba6 17. Qd2 Rad8 18. f4 Ng6 19. Nxc6 Rc8 20. e5 dxe5 21. fxe5 Bb7
22. Nb5 Qd7 23. exf6 Qxd2 24. Bxd2 Rxe1+ 25. Rxe1 Bxc6 26. Na7 Rd8 27. Nxc6
Rxd2 28. Ne7+ Kh7 29. Nxg6 1/2-1/2

[Event "XXIV Weekend Magistrale"]
[Site "Robecchetto con Induno ITA"]
[Date "2013.12.29"]
[Round "4"]
[White "Ranfagni, Stefano"]
[Black "Aranovitch, Emiliano"]
[WhiteElo "2015"]
[BlackElo "2345"]
[Result "0-1"]
[PlyCount "94"]
[EventDate "2013.12.27"]

1. e4 c5 2. Nc3 d6 3. g3 Nc6 4. Bg2 g6 5. d3 Bg7 6. Be3 Nf6 7. h3 Rb8 8. Qd2
O-O 9. Nge2 b5 10. Bh6 Nd4 11. Bxg7 Kxg7 12. Nd5 Nxe2 13. Qxe2 e6 14. Ne3 d5
15. e5 Nd7 16. f4 Bb7 17. O-O d4 18. Ng4 h5 19. Nf2 Bxg2 20. Kxg2 Nb6 21. Ne4
Nd5 22. Kh2 Ne3 23. Rg1 Qd5 24. Nf6 Qc6 25. g4 hxg4 26. Nxg4 Nf5 27. Qg2 Rfc8
28. Qxc6 Rxc6 29. Rg2 c4 30. Rd1 Rbc8 31. Re2 Ra6 32. a3 Ra5 33. Ra1 Rc6 34.
Nf6 c3 35. b3 Kf8 36. b4 Ra4 37. Nd7+ Ke7 38. Nc5 Rxc5 39. bxc5 Kd7 40. Ree1
Kc6 41. Reb1 Ne3 42. Ra2 a5 43. Rb3 Nf1+ 44. Kg1 Nd2 45. Kf2 Nxb3 46. cxb3 b4
47. bxa4 b3 0-1

[Event "XXIV Weekend Magistrale"]
[Site "Robecchetto con Induno ITA"]
[Date "2013.12.29"]
[Round "4"]
[White "Sbarra, Marco"]
[Black "Boschetti, Claudio"]
[WhiteElo "2263"]
[BlackElo "2111"]
[Result "1-0"]
[PlyCount "69"]
[EventDate "2013.12.27"]

1. d4 Nf6 2. c4 e5 3. dxe5 Ng4 4. Bf4 Nc6 5. Nf3 Bb4+ 6. Nbd2 Qe7 7. e3 Ngxe5
8. Be2 d6 9. O-O Ng6 10. Bg3 Bc5 11. Nb3 Bb6 12. Nfd4 Nce5 13. Nd2 a5 14. Re1
O-O 15. Nb5 f5 16. Nf3 Be6 17. Qc2 Rad8 18. Rad1 Bc8 19. a3 c6 20. Nc3 Bc7 21.
Nd4 Qg5 22. f4 Qh6 23. fxe5 dxe5 24. Nb3 Qxe3+ 25. Kh1 Qg5 26. Nd2 Qh6 27. Nf3
Rde8 28. c5 f4 29. Bf2 Rf5 30. Ne4 Rh5 31. Qb3+ Kf8 32. Nd6 Bxd6 33. cxd6 Bg4
34. d7 Rd8 35. Qb6 1-0

[Event "XXIV Weekend Magistrale"]
[Site "Robecchetto con Induno ITA"]
[Date "2013.12.29"]
[Round "4"]
[White "Soncin, Denis"]
[Black "Siclari, Giovanni"]
[WhiteElo "2041"]
[BlackElo "2081"]
[Result "1/2-1/2"]
[PlyCount "57"]
[EventDate "2013.12.27"]

1. e4 c5 2. d3 e6 3. g3 Nc6 4. Bg2 g6 5. f4 Bg7 6. Nf3 Nge7 7. O-O O-O 8. c3
Rb8 9. Be3 d6 10. Nbd2 b5 11. f5 exf5 12. Nh4 Ne5 13. Qe2 fxe4 14. Nxe4 f5 15.
Nxc5 dxc5 16. Bxc5 Re8 17. Bxa7 Rb7 18. Bxb7 Bxb7 19. d4 Qd5 20. dxe5 Qh1+ 21.
Kf2 Qxh2+ 22. Ke1 Qxg3+ 23. Bf2 Qxe5 24. Qxe5 Bxe5 25. Bd4 Bg3+ 26. Bf2 Bf4 27.
Bd4 Bg3+ 28. Bf2 Bf4 29. Bd4 1/2-1/2

[Event "XXIV Weekend Magistrale"]
[Site "Robecchetto con Induno ITA"]
[Date "2013.12.29"]
[Round "5"]
[White "Aranovitch, Emiliano"]
[Black "Alonso Garcia, Rene Marcial"]
[WhiteElo "2345"]
[BlackElo "2346"]
[Result "1/2-1/2"]
[PlyCount "36"]
[EventDate "2013.12.27"]

1. e4 e6 2. d4 d5 3. Nc3 Nf6 4. Bg5 dxe4 5. Nxe4 Be7 6. Bxf6 gxf6 7. Nf3 b6 8.
Bc4 Bb7 9. Qe2 c6 10. O-O-O Qc7 11. Kb1 Nd7 12. g3 O-O-O 13. Ba6 Rdg8 14. Bxb7+
Kxb7 15. c4 f5 16. Nc3 Bf6 17. Rc1 Rd8 18. Rhe1 Rhe8 1/2-1/2

[Event "XXIV Weekend Magistrale"]
[Site "Robecchetto con Induno ITA"]
[Date "2013.12.29"]
[Round "5"]
[White "Bardone, Lorenzo"]
[Black "Medici, Simone"]
[WhiteElo "1957"]
[BlackElo "2120"]
[Result "0-1"]
[PlyCount "56"]
[EventDate "2013.12.27"]

1. e4 c5 2. Nf3 d6 3. c3 e6 4. d4 d5 5. e5 Nc6 6. Bd3 f5 7. O-O Nge7 8. dxc5
Ng6 9. Qe2 Bxc5 10. Nbd2 Nf4 11. Qd1 Nxd3 12. Nb3 Bxf2+ 13. Rxf2 Nxf2 14. Kxf2
O-O 15. Be3 b6 16. Qe2 f4 17. Bd4 a5 18. h4 Ba6 19. Qc2 Rf5 20. a4 h6 21. Rh1
Rc8 22. h5 Qe8 23. Bxb6 Nxe5 24. Nxe5 Rxe5 25. Nd4 Rxh5 26. Rxh5 Qxh5 27. Qd2
Qh1 28. Ne2 Rf8 0-1

[Event "XXIV Weekend Magistrale"]
[Site "Robecchetto con Induno ITA"]
[Date "2013.12.29"]
[Round "5"]
[White "Barrera, Pietro"]
[Black "Barlocco, Carlo"]
[WhiteElo "1912"]
[BlackElo "2117"]
[Result "0-1"]
[PlyCount "124"]
[EventDate "2013.12.27"]

1. d4 d5 2. Nf3 e6 3. Bf4 Bd6 4. Bxd6 Qxd6 5. c3 Nf6 6. e3 O-O 7. Bd3 Nc6 8.
O-O e5 9. dxe5 Nxe5 10. Nxe5 Qxe5 11. Be2 Bf5 12. Nd2 c5 13. Nf3 Qc7 14. Bd3
Bg4 15. Be2 Rfd8 16. Qc2 Rd6 17. Ng5 Bxe2 18. Qxe2 Re8 19. Rac1 Qa5 20. b4 Qc7
21. Nf3 Rc6 22. Qb2 b6 23. Rfd1 Rc8 24. b5 Rd6 25. a4 Rcd8 26. Qc2 Qd7 27. Ne5
Qe6 28. Nc6 R8d7 29. a5 Ng4 30. axb6 axb6 31. Ra1 g6 32. h3 Ne5 33. Ra8+ Kg7
34. Nxe5 Qxe5 35. g3 Qh5 36. Kh2 Qf3 37. Rd2 d4 38. Re8 dxe3 39. Rxe3 Rxd2 40.
Qxd2 Qxg3+ 41. Kxg3 Rxd2 42. f3 Rb2 43. c4 Rd2 44. Re7 Kf6 45. Rc7 Ke6 46. h4
h5 47. Rb7 Rd6 48. Rc7 f6 49. Rb7 Ke5 50. Rc7 Rd4 51. Rc6 Rxc4 52. Rxb6 Rb4 53.
Rc6 Rxb5 54. f4+ Kf5 55. Kf3 Rb3+ 56. Kf2 Rb4 57. Kg3 Rc4 58. Rd6 Rd4 59. Rc6
c4 60. Rc5+ Ke4 61. Rc6 Kd3 62. Rxf6 c3 0-1

[Event "XXIV Weekend Magistrale"]
[Site "Robecchetto con Induno ITA"]
[Date "2013.12.29"]
[Round "5"]
[White "Boschetti, Claudio"]
[Black "Ranfagni, Stefano"]
[WhiteElo "2111"]
[BlackElo "2015"]
[Result "1/2-1/2"]
[PlyCount "95"]
[EventDate "2013.12.27"]

1. e4 e6 2. c4 c5 3. Nc3 Nc6 4. g3 d6 5. Bg2 g6 6. Nge2 Bg7 7. d3 Nge7 8. O-O
O-O 9. Be3 a6 10. d4 cxd4 11. Nxd4 Qc7 12. Rc1 Bd7 13. Nde2 Ne5 14. b3 Bc6 15.
h3 f5 16. f4 Nf7 17. g4 Rad8 18. Bd4 e5 19. Be3 Qc8 20. Nd5 Bxd5 21. cxd5 Qd7
22. exf5 gxf5 23. g5 Rc8 24. h4 Rxc1 25. Bxc1 Rc8 26. Ng3 e4 27. Bh3 Rc3 28.
Kh2 Rd3 29. Qh5 Rxd5 30. Nxe4 Qc6 31. Nf6+ Bxf6 32. gxf6 Ng6 33. Qe2 Rc5 34.
Bd2 Nxh4 35. Rg1+ Ng6 36. Qh5 Qd5 37. Rg2 Rc2 38. Qxf5 Qxf5 39. Bxf5 Rxa2 40.
Be4 Kf8 41. Bxb7 Nh6 42. f5 Rxd2 43. Rxd2 Nxf5 44. Bxa6 Ne5 45. Rc2 Nf3+ 46.
Kh3 Ng1+ 47. Kh2 Nf3+ 48. Kh3 1/2-1/2

[Event "XXIV Weekend Magistrale"]
[Site "Robecchetto con Induno ITA"]
[Date "2013.12.29"]
[Round "5"]
[White "Coppola, Federico"]
[Black "Soncin, Denis"]
[WhiteElo "1988"]
[BlackElo "2041"]
[Result "0-1"]
[PlyCount "76"]
[EventDate "2013.12.27"]

1. Nf3 c5 2. c4 Nf6 3. Nc3 g6 4. g3 Bg7 5. Bg2 O-O 6. d4 cxd4 7. Nxd4 Nc6 8.
O-O Qb6 9. e3 a6 10. b3 d6 11. Bb2 Bd7 12. Qd2 Bh6 13. Nd5 Nxd5 14. cxd5 Ne5
15. f4 Ng4 16. h3 Nf6 17. e4 e5 18. dxe6 fxe6 19. Kh2 e5 20. Ne2 Bb5 21. a4
exf4 22. gxf4 Bxe2 23. Qxe2 Qxb3 24. Ra3 Qe6 25. f5 gxf5 26. Rxf5 Rf7 27. Rg3+
Kf8 28. Rgf3 Bg7 29. Qf2 Ke7 30. e5 dxe5 31. Qc5+ Ke8 32. Bxe5 Ne4 33. Rxf7
Bxe5+ 34. Qxe5 Qxe5+ 35. Kg1 Qa1+ 36. Kh2 Qe5+ 37. Kg1 Qd4+ 38. Kh2 Ng5 0-1

[Event "XXIV Weekend Magistrale"]
[Site "Robecchetto con Induno ITA"]
[Date "2013.12.29"]
[Round "5"]
[White "Gentili, Gianguido"]
[Black "Penna, Tommaso"]
[WhiteElo "2145"]
[BlackElo "1973"]
[Result "0-1"]
[PlyCount "92"]
[EventDate "2013.12.27"]

1. Nf3 Nf6 2. c4 b6 3. Nc3 c5 4. d3 Bb7 5. e4 d6 6. g3 g6 7. Bg2 Bg7 8. O-O O-O
9. Bd2 Nc6 10. Rb1 e6 11. a3 Nd7 12. b4 Rc8 13. b5 Nd4 14. Ne1 Qe7 15. f4 Rcd8
16. a4 f5 17. a5 Nf6 18. a6 Ba8 19. Nc2 Nxc2 20. Qxc2 Qf7 21. Rbe1 Rfe8 22. Re2
Kh8 23. Rfe1 Qg8 24. Bc1 Ng4 25. h3 Bd4+ 26. Kh1 Qg7 27. Nd1 fxe4 28. dxe4 Rf8
29. Bf3 Nh6 30. Kg2 e5 31. Qd2 Nf7 32. Nb2 Rd7 33. Nd3 Re7 34. Nf2 Nd8 35. Qd3
Ref7 36. Bg4 h5 37. Bf3 Ne6 38. f5 gxf5 39. Bxh5 fxe4 40. Nxe4 Rf2+ 41. Rxf2
Rxf2+ 42. Kh1 Ng5 43. Bxg5 Qxg5 44. Bf3 Bxe4 45. Qxe4 Qxg3 46. Qa8+ Kg7 0-1